00584nam a2200181 a 4500008004100000020001500041050001600056100002200072245003200094260003200126300001600158350000900174490003600183490001000219500012200229650001500351650003600366120416s1983 ||||||||||||||||| || u a0043521053 aJS 3111 Ric aRichards, Peter G14aThe local government system aLondonbAllen & Unwinc1983 a194p. : ill a0.00 aThe New Local government series vno. 5 a'Successor-volume to The reformed local government system'--T.p. verso. -Includes index. -Bibliography: p. [184]-185. aGOVERNMENT aLOCAL GOVERNMENT--GREAT BRITAIN